01105nam a2200253 a 450000100060000000300080000600500170001400800410003103500200007204000260009204100080011808200250012624500780015125000090022926000810023830000280031949000230034750001850037050400490055565000670060465100670067170000900073885600230082865112BD-RjUL20211209081404.0170227s1844 enk 001 0 eng d a(BD-RjUL) 65242 aDLCcFJdBD-RjULbeng aeng a942.01223bANG 193404aThe Anglo-Saxon chronicle /cEd. by Rhys, Ernest and Trns by Ingram James aed.  aLondon,bJ.M. Dent & Sons, ltd.;aNew York,bE.P. Dutton & Co., inc.c[1934] aviii, 300, p. ;c18 cm. aEveryman's Library a"First published in this edition 1912. Reprinted...1934." "Translated by the Rev. James Ingram." "Additional readings from the mss. in the version by Dr. J.A. Giles" p. [213-242] a"Bibilography of Ingram's writings" p. viii. aGreat BritainvSources.xHistoryyAnglo Saxon period, 449-1066 0aGreat BritainxHistoryyAnglo Saxon period, 449-1066vSources. aEd. by Rhys, Ernest and Trns by Ingram JamesqEd. by Ernest and Trns by James Ingram  3Everyman's Library